MLB Top MVP, Cy Young, and ROY 2010 - Statistics

General Stats
  • This quiz has been taken 43 times
  • The average score is 23 of 40
Answer Stats
# Player Team Pos. % Correct
1 Joey Votto CIN 1B
100%
2 Miguel Cabrera DET 1B
100%
1 Josh Hamilton TEX LF
97%
8 Joe Mauer MIN C
94%
6 Roy Halladay PHI P
94%
1 Roy Halladay PHI P
94%
2 Albert Pujols STL 1B
91%
6 Evan Longoria TBR 3B
88%
1 Félix Hernández SEA P
88%
5 Troy Tulowitzki COL SS
88%
4 José Bautista TOR RF
85%
10 Ryan Howard PHI 1B
85%
1 Buster Posey SFG C
82%
3 Robinson Canó NYY 2B
76%
4 Adrián González SDP 1B
74%
3 Carlos González COL LF
71%
2 Adam Wainwright STL P
68%
3 CC Sabathia NYY P
68%
2 David Price TBR P
65%
5 Paul Konerko CHW 1B
62%
7 Carl Crawford TBR LF
59%
5 Jered Weaver LAA P
59%
8 Jayson Werth PHI RF
53%
3 Ubaldo Jiménez COL P
50%
4 Jon Lester BOS P
47%
2 Austin Jackson DET CF
44%
5 Neil Walker PIT 2B
44%
5 Josh Johnson FLA P
41%
1 Neftalí Feliz TEX P
41%
2 Jason Heyward ATL RF
38%
9 Adrián Beltré BOS 3B
35%
7 Aubrey Huff SFG 1B
32%
5 Starlin Castro CHC SS
32%
4 Tim Hudson ATL P
29%
3 Jaime García STL P
18%
4 Gaby Sánchez FLA 1B
15%
9 Martín Prado ATL 2B
12%
4 Wade Davis TBR P
12%
10 Delmon Young MIN LF
9%
3 Danny Valencia MIN 3B
6%
No matching quizzes found
Score Distribution
Percent of People with Each Score
Percentile by Number Answered
Your Score History
You have not taken this quiz